000
00357nam a2200157Ia 4500
008
220216s9999 xx 000 0 und d
245
0
_a
Plantation commodities:A stock taking
260
_b
Planters Chronicle
_c
2013
300
_a
Jun-31
650
_a
Coffee
650
_a
Pepper
650
_a
Rubber
650
_a
Spices
650
_a
Tea
942
_c
JS
999
_c
65113
_d
65113